|
ห้องสมุด วิทยาลัยพยาบาลบรมราชชนนี อุดรธานี
Boromarajonani College of Nursing, Udonthani
|


|
mysqli: Table './ulib2015/stat_globaluid' is marked as crashed and last (automatic?) repair failed
select id from stat_globaluid where statuid='20260418025144_337'
mysqli: Table './ulib2015/stat_globaluid' is marked as crashed and last (automatic?) repair failed
DELETE FROM stat_globaluid
WHERE id NOT IN (
SELECT id
FROM (
SELECT id
FROM stat_globaluid
ORDER BY id DESC
LIMIT 100
) foo
);
mysqli: Table './ulib2015/stat_globaluid' is marked as crashed and last (automatic?) repair failed
insert into stat_globaluid set
statuid='20260418025144_337',
dt='1776455504',
phpself='/ULIB/dublinfull.php',
agent='Mozilla/5.0 AppleWebKit/537.36 (KHTML, like Gecko; compatible; ClaudeBot/1.0; +claudebot@anthropic.com)',
yea='2026',
mon='4',
dat='18',
ip='216.73.216.55'
| LEADER 00674nam 2200229 a 4500 |
| 001 11148 |
| 003 ULIBM |
| 008 230611s2534 th m a001 0 tha d |
| 050 4 ^aQU^bจ118ค 2534
|
| 245 10 ^aคู่มือการเลือกใช้นมและอาการทางการแพทย์/^cจงจิตร อังคทะวานิช
|
| 250 ^aพิมพ์ครั้งที่ 1.
|
| 260 ^aกรุงเทพฯ:^bบริษัท โอลิค (ในประเทศ),^c2534
|
| 300 ^a 160 หน้า.
|
| 650 7 ^aคู่มือการเลือกใช้นมและอาการทางการแพทย์
|
| 945 ^p0^l0^i5235
|
| 945 ^p0^l0^i5236
|
| 945 ^p0^l0^i5237
|
| 945 ^p0^l0^i5239
|
| 945 ^p0^l0^i9399 |
| 999 ^aลิขิตลักษณ์
|
| คุณยังไม่ได้ล็อกอิน คุณสามารถมีกิจกรรมร่วมกับเว็บไซต์ได้ แต่ต้องล็อกอินก่อน :: |
|
| ลำดับที่ |
ประเภท |
เลขเรียก/บาร์โค้ด |
สถานที่ |
สถานะ |
| 1. |
 หนังสือการพยาบาล | QU จ118ค 2534 Barcode: 5235 | หนังสือทั่วไป | On Shelf |
| 2. |
 หนังสือการพยาบาล | QU จ118ค 2534 ฉ.2 Barcode: 5236 | หนังสือทั่วไป | On Shelf |
| 3. |
 หนังสือการพยาบาล | QU จ118ค 2534 ฉ.3 Barcode: 5237 | หนังสือทั่วไป | On Shelf |
| 4. |
 หนังสือการพยาบาล | QU จ118ค 2534 ฉ.4 Barcode: 5239 | หนังสือทั่วไป | On Shelf |
| 5. |
 หนังสือการพยาบาล | QU จ118ค 2534 ฉ.5 Barcode: 9399 | หนังสือทั่วไป | On Shelf |
| [แสดง 5/5 รายการ] |
mysqli: Can't create/write to file '/var/tmp/#sql_59d_0.MAI' (Errcode: 2)
select * from index_db where titl like '%คู่มือการเลือกใช้นมและอาการทางการแพทย์/ จงจิตร อังคทะวานิช%' and mid<>'11148' order by rand() limit 3
mysqli: Can't create/write to file '/var/tmp/#sql_59d_0.MAI' (Errcode: 2)
select * from index_db where subj like '%คู่มือการเลือกใช้นมและอาการทางการแพทย์%' and mid<>'11148' order by rand() limit 3
|
ยังไม่เคยถูกคอมเมนท์
|
| คอมเมนท์ทรัพยากรรายการนี้ |
|